|
|
|
|
| LEADER |
00000nam a22000005a 4500 |
| 001 |
8313 |
| 003 |
CL-ChBUA |
| 005 |
20120815103103.0 |
| 008 |
070301s1958 ag 000 0 spa |
| 040 |
|
|
|a CL-ChBUA
|c CL-ChBUA
|
| 082 |
0 |
0 |
|a 980.01
|
| 090 |
|
|
|c 8313
|d 8313
|
| 100 |
1 |
|
|a Haring, C.H., trad.
|
| 245 |
1 |
0 |
|a El imperio hispánico en América
|
| 260 |
|
|
|b Peuser.
|c 1958.
|
| 300 |
|
|
|a 437 p.
|c 20 cm.
|
| 504 |
|
|
|a Indice.
|
| 650 |
|
4 |
|a AMERICA - HISTORIA.
|
| 700 |
1 |
|
|a Pérez Silva, Horacio.
|
| 942 |
|
|
|c LIB
|
| 952 |
|
|
|0 0
|1 0
|4 0
|7 0
|9 12327
|a UNACH
|b UNACH
|c 900
|d 2007-03-05
|i 29.185.
|l 13
|m 4
|o 980.01 / H 281. c.1
|p 13326
|r 2019-06-28 00:00:00
|s 2019-06-20
|u 12327
|w 2012-08-08
|y LIB
|k 980.01 / H 281. c.1
|
| 952 |
|
|
|0 0
|1 0
|4 0
|7 0
|9 12330
|a UNACH
|b UNACH
|c CP
|d 2007-03-05
|i 28.957.
|l 2
|o 980.01 / H 281. c.4
|p 13329
|r 2012-12-27 00:00:00
|s 2012-10-19
|u 12330
|w 2012-08-08
|y LIB
|k 980.01 / H 281. c.4
|
| 999 |
|
|
|c 8313
|d 8313
|